000 00203nam a22000857a 4500
003 SGT
245 _aInternational Journal of Oral & Maxillofacial Surgery
260 _bElsevier
_c2013-2018
942 _2ddc
_cBV
999 _c29883
_d29883